| 000 | 00662cab a2200217 4500 | ||
|---|---|---|---|
| 001 | WB2902-73 | ||
| 008 | 090401t1993 xxu||||| |||| 00| 0 eng d | ||
| 035 | _a(Sirsi) u25807 | ||
| 041 | _aeng | ||
| 245 | _aIncome from hill farming | ||
| 260 | _c1993 | ||
| 350 | _a0 | ||
| 490 |
_aMAFF News Release _v(8/93) 11 January 1993 (3) |
||
| 520 | _aUK farmers can expect a major boost to incomes from devaluation of the green pound following the depreciation of sterling according to the Agriculture Minister. | ||
| 650 | _aFARM INCOMES | ||
| 650 | _aGREEN POUND | ||
| 650 | _aHILL FARMING | ||
| 690 | _aRURAL PRACTICE | ||
| 942 | _n0 | ||
| 948 | _c04/03/1997 | ||
| 999 |
_c17345 _d17345 |
||